[Event "CZE Czechia-ch U12"]
[Site "Harrachov"]
[Date "2009.10.25"]
[Round "2"]
[White "Wagner, Vojtech"]
[Black "Rydl, Jiri"]
[Result "0-1"]
[WhiteElo "1391"]
[BlackElo "1735"]
[PlyCount "52"]
[EventDate "2009.10.24"]
[EventType "swiss"]
[EventRounds "9"]
[EventCountry "CZE"]
[SourceTitle "EXT 2012"]
[Source "ChessBase"]
[SourceDate "2011.11.24"]
[SourceVersion "1"]
[SourceVersionDate "2011.11.24"]
[SourceQuality "1"]

1. Nf3 e6 2. d4 d5 3. e3 Nf6 4. c4 c5 5. Nc3 Nc6 6. Bd3 Be7 7. 0-0 0-0 8. Re1 Nb4 9. Bb1 dxc4 10. a3 Nd3 11. Bxd3 cxd3 12. Qxd3 a6 13. a4 b6 14. b3 Bb7 15. Nd2 Nd5 16. Nxd5 Qxd5 17. Nf3 cxd4 18. exd4 Bf6 19. Rd1 Rfd8 20. Bb2 e5 21. Ne1 exd4 22. f3 a5 23. Ba3 Ba6 24. Qb1 Be2 25. Rd2 d3 26. Raa2 Bc3 0-1

[Event "CZE-ch U10"]
[Site "Kouty nad Desnou"]
[Date "2009.03.13"]
[Round "8"]
[White "Plsek, Antonin"]
[Black "Wagner, Vojtech"]
[Result "0-1"]
[WhiteElo "1250"]
[BlackElo "1250"]
[PlyCount "74"]
[EventDate "2009.03.07"]
[EventType "swiss"]
[EventRounds "9"]
[EventCountry "CZE"]
[SourceTitle "EXT 2011"]
[Source "ChessBase"]
[SourceDate "2010.11.26"]
[SourceVersion "1"]
[SourceVersionDate "2010.11.26"]
[SourceQuality "1"]

1. e4 e5 2. Nf3 Nc6 3. Nc3 Nf6 4. Bb5 Bb4 5. d4 exd4 6. Nxd4 Bxc3+ 7. bxc3 Nxe4 8. Qe2 Qe7 9. Bd2 0-0 10. f3 Nxd2 11. Qxe7 Nxe7 12. Kxd2 c6 13. Bc4 d5 14. Bd3 Bd7 15. Rhe1 Rfe8 16. Rab1 b6 17. Re2 c5 18. Nb5 Rac8 19. Re3 c4 20. Be2 Nc6 21. Nd6 Rxe3 22. Kxe3 Rd8 23. Rd1 Be6 24. Nb7 Rd7 25. Bxc4 dxc4 26. Rxd7 Bxd7 27. Nd6 Be6 28. f4 f5 29. h3 g6 30. g4 Kf8 31. g5 Ke7 32. Nb5 a6 33. Nc7 Nb8 34. Kd4 Kd7 35. Na8 b5 36. Ke5 Ke7 37. Nc7 Nc6# 0-1